000 00492nam a2200181 a 4500
001 55094
005 20180714050246.0
008 140415s1978 mx 000 0 spa d
041 _aspa
082 _a658.8
_bBEL
100 1 _aBELL. MARTIN L.
245 1 0 _aMERCADOTECNIA :
_bCONCEPTOS Y ESTRATEGIA
250 _a1a ed.
260 _aMEXICO :
_bCOMPAÑIA EDITORIAL CONTINENTAL,
_c1978
300 _a854
650 1 4 _aMERCADOTECNIA
700 1 _aSIGNORET, HENRY DAVIS
_etr.
999 _c55094
_d55094